[Event "Top 16"]
[Site "Cannes"]
[Date "2009.03.21"]
[Round "2.5"]
[White "Fontaine, Robert"]
[Black "Bijaoui, Manuel"]
[Result "1/2-1/2"]
[WhiteElo "2546"]
[BlackElo "2404"]
[PlyCount "155"]
[EventDate "21.??.??"]
[WhiteTeam "Cannes"]
[BlackTeam "Antibes"]

1. e4 c5 2. Nf3 d6 3. d4 cxd4 4. Nxd4 Nf6 5. Nc3 a6 6. g3 e6 7. Bg2 Be7 8. O-O
O-O 9. Be3 Qc7 10. g4 Nc6 11. g5 Nd7 12. f4 Nxd4 13. Bxd4 e5 14. Nd5 Qd8 15.
Bc3 exf4 16. h4 Ne5 17. Qd4 Re8 18. Nxe7+ Qxe7 19. Rxf4 Be6 20. Rd1 Rac8 21.
Rf2 Bg4 22. Rdd2 Rc6 23. b3 Qe6 24. Bb2 b5 25. Qd5 Qxd5 26. exd5 Rcc8 27. Ba3
Rcd8 28. Bb4 Rf8 29. Rd4 f5 30. gxf6 Rxf6 31. Rxf6 gxf6 32. Kf2 h5 33. Ba5 Rc8
34. c3 Kf7 35. a4 bxa4 36. Rxa4 Bd1 37. Ra3 Ng4+ 38. Ke1 Re8+ 39. Kxd1 Ne3+ 40.
Kd2 Nxg2 41. Bc7 Nxh4 42. Bxd6 Rd8 43. Rxa6 Nf5 44. Bf4 Rxd5+ 45. Ke2 h4 46.
Kf3 Ne7 47. Rd6 h3 48. Rxd5 Nxd5 49. Bd2 Ke6 50. c4 Ne7 51. Kg3 Kf5 52. Bc3 Ke4
53. Bxf6 Nc6 54. Bc3 Kd3 55. Be1 Nd4 56. c5 Ke4 57. b4 Kd5 58. Bf2 Nb5 59. Kxh3
Kc6 60. Kg4 Na3 61. Be1 Nb5 62. Kf4 Nc7 63. Ke4 Nb5 64. Kd3 Nc7 65. Bg3 Nb5 66.
Kc4 Na3+ 67. Kb3 Nb5 68. Bf4 Nd4+ 69. Ka4 Nb5 70. Be5 Na7 71. Ka5 Nb5 72. Ba1
Na3 73. Ka6 Nb5 74. Bb2 Nc7+ 75. Ka7 Nb5+ 76. Kb8 Nc7 77. Ka7 Nb5+ 78. Ka6
1/2-1/2

[Event "Top 16"]
[Site "Cannes"]
[Date "2009.03.21"]
[Round "2.6"]
[White "Acher, Mathieu"]
[Black "Leconte, Maria"]
[Result "0-1"]
[WhiteElo "2381"]
[BlackElo "2334"]
[PlyCount "106"]
[EventDate "21.??.??"]
[WhiteTeam "Antibes"]
[BlackTeam "Cannes"]

1. e4 e6 2. d4 d5 3. Nc3 Bb4 4. e5 c5 5. a3 Bxc3+ 6. bxc3 Qc7 7. Qg4 Ne7 8.
Qxg7 Rg8 9. Qxh7 cxd4 10. Ne2 Nbc6 11. f4 dxc3 12. Qd3 Bd7 13. Rg1 O-O-O 14.
Rb1 Nf5 15. g4 Nh4 16. Rg3 d4 17. Kf2 Be8 18. Qh7 Ng6 19. Qxg8 Nce7 20. Bg2
Nxg8 21. Bxb7+ Qxb7 22. Rxb7 Kxb7 23. Rd3 N8e7 24. Nxd4 Nd5 25. Kg3 Ba4 26. h4
Nge7 27. f5 exf5 28. Bg5 fxg4 29. h5 Rh8 30. Kxg4 Bd7+ 31. e6 fxe6 32. Bxe7
Nxe7 33. Kg5 Nd5 34. Rf3 Be8 35. Rh3 Rg8+ 36. Kh6 Rh8+ 37. Kg5 Rg8+ 38. Kh6 Nf4
39. Rxc3 Bxh5 40. Rb3+ Kc8 41. Nc6 Rg6+ 42. Kh7 Nd5 43. Kh8 Kc7 44. Ne5 Rg5 45.
Nf3 Rg3 46. Nd4 Rxb3 47. cxb3 e5 48. Nb5+ Kb6 49. Nd6 Kc5 50. Nc8 e4 51. b4+
Nxb4 52. axb4+ Kxb4 53. Nxa7 Kc5 0-1

[Event "Top 16"]
[Site "Cannes"]
[Date "2009.03.21"]
[Round "2.8"]
[White "Cochet, Caroline"]
[Black "Levacic, Damir"]
[Result "1/2-1/2"]
[WhiteElo "2052"]
[BlackElo "2284"]
[PlyCount "52"]
[EventDate "21.??.??"]
[WhiteTeam "Antibes"]
[BlackTeam "Cannes"]

1. e4 c5 2. Nf3 Nc6 3. Bb5 g6 4. O-O Bg7 5. d3 d6 6. Bxc6+ bxc6 7. Nc3 Rb8 8.
h3 e5 9. b3 Ne7 10. Be3 f5 11. Qc1 O-O 12. Bh6 fxe4 13. Bxg7 Kxg7 14. dxe4 Bxh3
15. Nxe5 dxe5 16. gxh3 Rf3 17. Qg5 Nf5 18. Qxd8 Rxd8 19. Na4 Nd4 20. Kg2 Rf6
21. Rad1 Rdf8 22. Nxc5 R8f7 23. c3 Ne2 24. c4 Nf4+ 25. Kh2 Ne2 26. Kg2 Nf4+
1/2-1/2

[Event "Top 16"]
[Site "Cannes"]
[Date "2009.03.21"]
[Round "2.4"]
[White "Andonov, Bogomil"]
[Black "Kosten, Anthony C"]
[Result "1/2-1/2"]
[WhiteElo "2316"]
[BlackElo "2514"]
[PlyCount "41"]
[EventDate "21.??.??"]
[WhiteTeam "Grasse"]
[BlackTeam "Montpellier"]

1. d4 Nf6 2. c4 e6 3. g3 Bb4+ 4. Bd2 a5 5. Bg2 d6 6. Nf3 Nbd7 7. O-O e5 8. Nc3
O-O 9. a3 Bxc3 10. Bxc3 e4 11. Ne1 Nb6 12. b3 a4 13. d5 axb3 14. Qxb3 Bg4 15.
f3 exf3 16. exf3 Bf5 17. Bd4 Nfd7 18. Nd3 Ra4 19. Nb2 Ra6 20. Qc3 f6 21. Rfe1
1/2-1/2

[Event "Top 16"]
[Site "Cannes"]
[Date "2009.03.21"]
[Round "2.7"]
[White "Govciyan, Pavel"]
[Black "Perez, Flavio"]
[Result "1-0"]
[WhiteElo "2411"]
[BlackElo "2276"]
[PlyCount "43"]
[EventDate "21.??.??"]
[WhiteTeam "Cannes"]
[BlackTeam "Antibes"]

1. d4 d5 2. Bf4 c6 3. e3 Bf5 4. c4 e6 5. Qb3 Qb6 6. Nd2 dxc4 7. Bxc4 Qxb3 8.
Bxb3 Nf6 9. Ngf3 Bd3 10. a3 Be7 11. Nc4 O-O 12. Nfe5 Bxc4 13. Nxc4 b5 14. Na5
c5 15. dxc5 Bxc5 16. Rc1 Bb6 17. Nb7 Nbd7 18. Ke2 e5 19. Bg3 Rab8 20. Nd6 Bc5
21. Rhd1 Rb6 22. Nxf7 1-0

[Event "Top 16"]
[Site "Cannes"]
[Date "2009.03.21"]
[Round "2.3"]
[White "Stellwagen, Daniel"]
[Black "Di Paolo, Raffaele"]
[Result "1-0"]
[WhiteElo "2612"]
[BlackElo "2336"]
[PlyCount "41"]
[EventDate "21.??.??"]
[WhiteTeam "Montpellier"]
[BlackTeam "Grasse"]

1. e4 c5 2. Nf3 Nc6 3. Nc3 e6 4. d4 cxd4 5. Nxd4 Qc7 6. Be3 a6 7. Qd2 Nf6 8.
O-O-O Ne5 9. f4 Nc4 10. Bxc4 Qxc4 11. e5 Ng4 12. Bg1 Bb4 13. Nde2 f5 14. h3 Nh6
15. Bb6 a5 16. Qe3 Ra6 17. b3 Qc6 18. Na4 Qxg2 19. Rhg1 Qe4 20. Qf2 g6 21. Rd4
1-0

[Event "Top 16"]
[Site "Cannes"]
[Date "2009.03.21"]
[Round "2.8"]
[White "Forestier, Carole"]
[Black "Benmesbah, Natacha"]
[Result "0-1"]
[WhiteElo "2096"]
[BlackElo "2138"]
[PlyCount "56"]
[EventDate "21.??.??"]
[WhiteTeam "Grasse"]
[BlackTeam "Montpellier"]

1. d4 Nf6 2. c4 c5 3. d5 e6 4. Nc3 exd5 5. cxd5 d6 6. Bf4 a6 7. a4 g6 8. Nf3
Bg7 9. e4 Bg4 10. Be2 Bxf3 11. Bxf3 O-O 12. O-O Qe7 13. Qb3 Ne8 14. Rfe1 Nd7
15. Qxb7 Rb8 16. Qxa6 Rxb2 17. Nb5 Ne5 18. Ra3 Nxf3+ 19. Rxf3 Qxe4 20. Rf1 Be5
21. Bxe5 Qxe5 22. Rd3 c4 23. Re3 Qxd5 24. Rxe8 Rxe8 25. Nc7 Qd3 26. Nxe8 Rb1
27. Nf6+ Kg7 28. Ne8+ Kh6 0-1

[Event "TOP 16"]
[Site "Metz"]
[Date "2009.03.22"]
[Round "3.1"]
[White "Riazantsev, Alexander"]
[Black "Landa, Konstantin"]
[Result "1/2-1/2"]
[WhiteElo "2634"]
[BlackElo "2626"]
[PlyCount "36"]
[EventDate "2009.??.??"]
[Source "ChessBase"]
[SourceDate "1998.11.10"]

1. d4 Nf6 2. c4 e6 3. Nf3 d5 4. Nc3 dxc4 5. e4 Bb4 6. Bg5 c5 7. dxc5 Qxd1+ 8.
Rxd1 Nbd7 9. Rd4 h6 10. Bd2 Nxc5 11. Bxc4 O-O 12. e5 Bxc3 13. Bxc3 Nd5 14. Bxd5
exd5 15. Bb4 b6 16. Bxc5 bxc5 17. Rxd5 Rb8 18. Rd2 Be6 1/2-1/2

[Event "TOP 16"]
[Site "Metz"]
[Date "2009.03.22"]
[Round "3.2"]
[White "Glek, Igor"]
[Black "Postny, Evgeny"]
[Result "1-0"]
[WhiteElo "2524"]
[BlackElo "2652"]
[PlyCount "79"]
[EventDate "2009.??.??"]
[Source "ChessBase"]
[SourceDate "2000.11.22"]

1. e4 e5 2. Nf3 Nc6 3. Nc3 Nf6 4. g3 d5 5. exd5 Nxd5 6. Bg2 Nde7 7. O-O Nf5 8.
Re1 f6 9. h3 Be7 10. g4 Nfd4 11. Nxd4 Nxd4 12. Nd5 O-O 13. Nxe7+ Qxe7 14. c3
Ne6 15. d4 exd4 16. cxd4 Qd6 17. Qb3 Rb8 18. d5 Nf4 19. Bxf4 Qxf4 20. Re7 Qd6
21. Qa3 f5 22. g5 f4 23. Rxc7 Qxa3 24. bxa3 f3 25. Bf1 Bf5 26. Re1 Rbd8 27. Re5
Bb1 28. Bc4 b5 29. Bxb5 Bxa2 30. Bc6 h6 31. Kh2 Rd6 32. Rxa7 Rfd8 33. Ra8 Rxa8
34. Bxa8 Kh7 35. Re6 Rd8 36. g6+ Kg8 37. Bc6 Kf8 38. Re5 Bb1 39. d6 Bxg6 40. d7
1-0

[Event "TOP 16"]
[Site "Metz"]
[Date "2009.03.22"]
[Round "3.4"]
[White "Brunner, Nicolas"]
[Black "Koch, Jean-René"]
[Result "0-1"]
[WhiteElo "2413"]
[BlackElo "2453"]
[PlyCount "180"]
[EventDate "2009.??.??"]
[Source "ChessBase"]
[SourceDate "2000.11.22"]

1. d4 d5 2. c4 e6 3. Nc3 Bb4 4. e3 c5 5. Nf3 Ne7 6. Bd3 h6 7. O-O O-O 8. Qe2 b6
9. Rd1 cxd4 10. exd4 Nd7 11. Bf4 Ba6 12. cxd5 Bxd3 13. Rxd3 Nxd5 14. Nxd5 exd5
15. Ne5 Nxe5 16. dxe5 Qd7 17. Rad1 Rad8 18. a3 Be7 19. Qd2 Qe6 20. Rxd5 Rxd5
21. Qxd5 Rd8 22. Qf3 Rxd1+ 23. Qxd1 b5 24. Qd3 a6 25. h3 h5 26. Qd4 f6 27. Bg3
Kf7 28. Qd1 g6 29. f4 fxe5 30. fxe5 Kg8 31. Qd4 Qc6 32. Bf2 Kf7 33. Kh2 Ke6 34.
Qd3 Kf7 35. Qb3+ Qe6 36. Qf3+ Kg8 37. Bd4 Kg7 38. Qb7 Kf7 39. Kh1 Qc4 40. Qf3+
Ke6 41. Qe4 Kf7 42. Kh2 a5 43. Qe3 Qd5 44. Bb6 a4 45. Bc7 Ke6 46. Qb6+ Kf7 47.
Bd6 Bxd6 48. Qxd6 Qxd6 49. exd6 Ke6 50. Kg3 Kxd6 51. Kf4 Kd5 52. Kg5 Kc4 53.
Kxg6 h4 54. Kh5 Kb3 55. Kxh4 Kxb2 56. g4 b4 57. g5 bxa3 58. g6 a2 59. g7 a1=Q
60. g8=Q Qe1+ 61. Kh5 Qd1+ 62. Kh4 Qe1+ 63. Kh5 Qe2+ 64. Kh4 Qe4+ 65. Kh5 Qe5+
66. Kh4 a3 67. Qg2+ Kc3 68. Qc6+ Kb4 69. Qb6+ Kc3 70. Qc6+ Kb3 71. Qb6+ Kc2 72.
Qf2+ Kc3 73. Qf3+ Kb4 74. Qb7+ Qb5 75. Qe7+ Qc5 76. Qe1+ Ka4 77. Qd1+ Ka5 78.
Qd8+ Kb5 79. Qd7+ Ka6 80. Qa4+ Kb6 81. Qb3+ Ka5 82. Kg3 Qe5+ 83. Kf3 Qb2 84.
Qd5+ Qb5 85. Qa8+ Kb4 86. Qe4+ Qc4 87. Qb7+ Kc3 88. Qa7 a2 89. h4 Kb2 90. Qf2+
Qc2 0-1

[Event "TOP 16"]
[Site "Metz"]
[Date "2009.03.22"]
[Round "3.5"]
[White "Pucher, Olivier"]
[Black "Philippe, Christophe"]
[Result "1-0"]
[WhiteElo "2338"]
[BlackElo "2458"]
[PlyCount "105"]
[EventDate "2009.??.??"]
[Source "ChessBase"]
[SourceDate "2000.11.22"]

1. d4 f5 2. g3 Nf6 3. Bg2 g6 4. Nf3 Bg7 5. c4 O-O 6. O-O d6 7. Nc3 Qe8 8. Re1
Qf7 9. b3 Ne4 10. Bb2 Nc6 11. Rc1 Nxc3 12. Bxc3 e5 13. dxe5 dxe5 14. Qd5 Kh8
15. Qc5 Re8 16. Ng5 Qe7 17. Qxe7 Rxe7 18. Bxc6 bxc6 19. Rcd1 Re8 20. Nf7+ Kg8
21. Nd8 f4 22. gxf4 exf4 23. Bxg7 Kxg7 24. Nxc6 Bh3 25. e4 fxe3 26. Rxe3 Rxe3
27. fxe3 Re8 28. Kf2 h5 29. Rd8 Re6 30. Nd4 Rf6+ 31. Kg3 Bf1 32. Rd7+ Kh6 33.
Rxc7 g5 34. h4 gxh4+ 35. Kxh4 Bg2 36. Rc5 Be4 37. Rxh5+ Kg6 38. Re5 Bb1 39. a4
Kf7 40. Kg4 a6 41. b4 Bd3 42. c5 Rf1 43. c6 Rc1 44. Rc5 Rxc5 45. bxc5 Ke7 46.
Kf4 a5 47. Ke5 Bg6 48. e4 Kd8 49. Kd5 Bh5 50. Kd6 Bd1 51. Nf5 Bxa4 52. c7+ Kc8
53. Ne7+ 1-0

[Event "TOP 16"]
[Site "Metz"]
[Date "2009.03.22"]
[Round "3.6"]
[White "Nezar, Mustapha"]
[Black "Elbilia, Jacques"]
[Result "0-1"]
[WhiteElo "2399"]
[BlackElo "2402"]
[PlyCount "56"]
[EventDate "2009.??.??"]
[Source "ChessBase"]
[SourceDate "2000.11.22"]

1. d4 Nf6 2. c4 e6 3. Nc3 Bb4 4. Qc2 O-O 5. Bg5 h6 6. Bh4 c5 7. dxc5 Na6 8. e3
Nxc5 9. Nge2 b5 10. cxb5 Bb7 11. f3 g5 12. Bf2 Nfe4 13. a3 Nxf2 14. Kxf2 Bxc3
15. Nxc3 Rc8 16. Kg1 f5 17. Qf2 Qf6 18. Rd1 d5 19. h4 g4 20. Qg3 Kh8 21. fxg4
Ne4 22. Nxe4 fxe4 23. g5 Qxb2 24. Kh2 Rf5 25. a4 Kg7 26. Qd6 Rxg5 27. Qe7+ Kg6
28. Qxb7 Rh8 0-1

[Event "TOP 16"]
[Site "Metz"]
[Date "2009.03.22"]
[Round "3.7"]
[White "Pucher, Sébastien"]
[Black "Genzling, Alain"]
[Result "0-1"]
[WhiteElo "2267"]
[BlackElo "2309"]
[PlyCount "120"]
[EventDate "2009.??.??"]
[Source "ChessBase"]
[SourceDate "2000.11.22"]

1. e4 c5 2. Nf3 Nc6 3. d4 cxd4 4. Nxd4 g6 5. Nc3 Bg7 6. Nde2 Nf6 7. g3 d6 8.
Bg2 Bd7 9. a4 Qc8 10. h3 b6 11. Nd5 Nxd5 12. exd5 Na5 13. Ra2 O-O 14. b3 e5 15.
dxe6 Bxe6 16. h4 Re8 17. O-O Bg4 18. Be3 Qa6 19. c4 Rac8 20. Rd2 Nc6 21. Rxd6
Nd4 22. Bxd4 Bxe2 23. Qa1 Bxd4 24. Qxd4 Bxf1 25. Kxf1 Qa5 26. Bd5 Qe1+ 27. Kg2
Rc7 28. h5 Qe5 29. Qxe5 Rxe5 30. hxg6 hxg6 31. Rxg6+ Kf8 32. Rf6 Kg7 33. Rf3
Re2 34. g4 Rce7 35. Kg3 f6 36. Rc3 Rd2 37. f3 Re5 38. Be4 a5 39. Kf4 Kf7 40.
Ke3 Rh2 41. Rd3 Ke7 42. Kd4 Kd6 43. Kc3+ Kc7 44. Bf5 Re7 45. b4 axb4+ 46. Kxb4
Rb2+ 47. Kc3 Rbe2 48. Be4 Re1 49. Rd2 Rd7 50. Rxd7+ Kxd7 51. Kb4 Rc1 52. a5
bxa5+ 53. Kxa5 Rxc4 54. Kb5 Rc1 55. Kb4 Kd6 56. Kb3 Ke5 57. Kb2 Rc4 58. Ba8 Kf4
59. Kb3 Rc1 60. Kb4 Rf1 0-1

[Event "TOP 16"]
[Site "Metz"]
[Date "2009.03.22"]
[Round "3.8"]
[White "Steil-Antoni, Fiona"]
[Black "Leclair, Marie"]
[Result "1-0"]
[WhiteElo "2143"]
[BlackElo "1987"]
[PlyCount "153"]
[EventDate "2009.??.??"]
[Source "ChessBase"]
[SourceDate "2000.11.22"]

1. e4 c5 2. Nc3 Nc6 3. d3 e6 4. g3 Nge7 5. Bg2 g6 6. Be3 d6 7. Qd2 Nd4 8. Nd1
h5 9. c3 Ndc6 10. f4 Bg7 11. Nf3 Rb8 12. O-O b6 13. d4 cxd4 14. cxd4 d5 15. e5
Nf5 16. Bf2 Ba6 17. Re1 Bf8 18. Nc3 Bb4 19. a3 Be7 20. b3 Na5 21. Qb2 Qd7 22.
Bf1 Bxf1 23. Rxf1 O-O 24. h3 Kg7 25. Kg2 Nh6 26. Nh2 Rbc8 27. g4 hxg4 28. hxg4
Rc6 29. Rfc1 Rfc8 30. Kg3 a6 31. Nf3 b5 32. Ne2 Rxc1 33. Rxc1 Rxc1 34. Nxc1 Qc8
35. Be3 Qf8 36. f5 exf5 37. Bxh6+ Kxh6 38. Qd2+ f4+ 39. Qxf4+ Kg7 40. b4 Nc4
41. Nd3 Nxa3 42. Nc5 Nb1 43. Qc1 a5 44. Qxb1 a4 45. Qd3 Qb8 46. Kg2 Qc8 47. Kg3
Qa8 48. Qa3 Qb8 49. Qa2 Qa8 50. Ne1 Qh8 51. Qh2 Qa8 52. Ned3 a3 53. Nc1 Bg5 54.
Na2 Be3 55. Nb3 Qa7 56. Qe2 Bxd4 57. Kg2 Bb2 58. e6 fxe6 59. Qxe6 d4 60. Nc5
Qf7 61. Qxf7+ Kxf7 62. Kf3 Kf6 63. Kf4 Ba1 64. g5+ Ke7 65. Ke4 Kd6 66. Nb3 Bb2
67. Nxd4 Bxd4 68. Kxd4 Ke6 69. Ke4 Kd6 70. Nc3 Ke6 71. Nxb5 a2 72. Nd4+ Kd6 73.
Nb3 Kc6 74. Kd4 Kb5 75. Kc3 Ka4 76. Na1 Ka3 77. b5 1-0

[Event "TOP 16"]
[Site "Metz"]
[Date "2009.03.22"]
[Round "3.1"]
[White "Nyback, Tomi"]
[Black "Vaisser, Anatoly"]
[Result "1/2-1/2"]
[WhiteElo "2644"]
[BlackElo "2513"]
[PlyCount "95"]
[EventDate "2009.??.??"]
[Source "ChessBase"]
[SourceDate "2000.11.22"]

1. d4 e6 2. c4 f5 3. g3 Nf6 4. Bg2 d5 5. Nh3 c6 6. Qc2 Be7 7. O-O O-O 8. Nd2 b5
9. c5 a5 10. Nf3 Qe8 11. Nf4 Bd8 12. Ne5 Nbd7 13. Nfd3 Nxe5 14. dxe5 Nd7 15.
Be3 Bc7 16. Bd4 b4 17. Qa4 Ba6 18. Qxc6 Bxd3 19. exd3 Bxe5 20. Bxe5 Nxe5 21.
Qd6 Nf7 22. Qb6 Nd8 23. a3 bxa3 24. bxa3 Nc6 25. Rfe1 Qd7 26. Qb2 Rab8 27. Qc3
Rb5 28. Bf3 Qf7 29. d4 Qf6 30. Rad1 f4 31. Kg2 a4 32. Bg4 fxg3 33. Qxg3 Nxd4
34. Qe3 e5 35. Qxe5 Qxf2+ 36. Kh1 Rb2 37. Qg3 Qxg3 38. hxg3 Nf3 39. Bxf3 Rxf3
40. Rc1 Rb7 41. Kg2 Rxa3 42. c6 Rc7 43. Red1 Kf7 44. Rxd5 Rb3 45. Ra5 a3 46.
Ra6 Rb2+ 47. Kh3 a2 48. Ra1 1/2-1/2

[Event "TOP 16"]
[Site "Metz"]
[Date "2009.03.22"]
[Round "3.2"]
[White "Rozentalis, Eduardas"]
[Black "Krasenkow, Michal"]
[Result "0-1"]
[WhiteElo "2590"]
[BlackElo "2620"]
[PlyCount "126"]
[EventDate "1620.??.??"]
[Source "ChessBase"]
[SourceDate "2000.11.22"]

1. e4 c5 2. Nf3 e6 3. c3 d5 4. exd5 Qxd5 5. d4 Nf6 6. a3 Nc6 7. Be3 b6 8. Nbd2
cxd4 9. cxd4 Be7 10. Bc4 Qd6 11. O-O O-O 12. Qe2 Bb7 13. Rad1 Rac8 14. Rfe1 Na5
15. Bd3 Qd5 16. Bg5 Qd8 17. Bb1 Nd5 18. Qe4 g6 19. Qh4 Re8 20. Ne4 f6 21. Bc1
Bf8 22. Bh6 Nc4 23. Bxf8 Rxf8 24. Re2 Nd6 25. Nxd6 Qxd6 26. Rde1 Nf4 27. Re3
Rf7 28. Qg3 Bd5 29. h4 Rd7 30. Qg4 Rdc7 31. g3 Nh5 32. Bxg6 hxg6 33. Qxg6+ Ng7
34. h5 Qe7 35. h6 Qe8 36. Qxf6 Qh5 37. hxg7 Rf7 38. Qh4 Bxf3 39. Qxh5 Bxh5 40.
Rxe6 Kxg7 41. f4 Rc2 42. b4 Rd2 43. d5 Rxd5 44. R6e5 Rxe5 45. Rxe5 Bd1 46. Kf2
Kf6 47. Rd5 Bg4 48. Rd6+ Kf5 49. Rd5+ Ke4 50. Rg5 Bf5 51. g4 Bc8 52. f5 Kf4 53.
Rg8 Rc7 54. Ke2 Bb7 55. Kd3 Bf3 56. f6 Bxg4 57. Rg7 Rxg7 58. fxg7 Be6 59. b5
Bg8 60. Kc3 Ke4 61. Kb4 Kd3 62. Ka4 Kc2 63. Kb4 Bb3 0-1

[Event "TOP 16"]
[Site "Metz"]
[Date "2009.03.22"]
[Round "3.3"]
[White "Sebag, Marie"]
[Black "Kallai, Gabor"]
[Result "1/2-1/2"]
[WhiteElo "2529"]
[BlackElo "2462"]
[PlyCount "32"]
[EventDate "1620.??.??"]
[Source "ChessBase"]
[SourceDate "2000.11.22"]

1. e4 c6 2. d4 d5 3. e5 Bf5 4. Nf3 e6 5. Be2 Ne7 6. O-O Nd7 7. Nbd2 Nc8 8. a4
Be7 9. a5 O-O 10. c4 h6 11. Nb3 a6 12. Be3 Na7 13. Nfd2 Bh7 14. f4 f5 15. Bd3
g5 16. Nf3 g4 1/2-1/2

[Event "TOP 16"]
[Site "Metz"]
[Date "2009.03.22"]
[Round "3.4"]
[White "Roos, Daniel"]
[Black "Cornette, Mathieu"]
[Result "1-0"]
[WhiteElo "2425"]
[BlackElo "2564"]
[PlyCount "71"]
[EventDate "1620.??.??"]
[Source "ChessBase"]
[SourceDate "2000.11.22"]

1. Nf3 g6 2. d4 Bg7 3. e4 d6 4. Bc4 e6 5. Qe2 Ne7 6. c3 Nd7 7. Nbd2 a6 8. a4 b6
9. O-O Bb7 10. Re1 h6 11. Nf1 O-O 12. h3 c5 13. Ng3 Qc7 14. Bf4 e5 15. dxe5
dxe5 16. Be3 Kh7 17. Rad1 Bc6 18. b3 Qb7 19. Bc1 b5 20. axb5 axb5 21. Bd3 f5
22. exf5 gxf5 23. Nh4 e4 24. Bb1 Ra1 25. Bf4 Nd5 26. Rxd5 Bxd5 27. Nhxf5 Ne5
28. Nxg7 Rxf4 29. N7h5 Nd3 30. Bxd3 exd3 31. Qxd3+ Be4 32. Qe3 Rxe1+ 33. Qxe1
Rf5 34. Nxe4 Qc6 35. Nef6+ Kg6 36. Qb1 1-0

[Event "TOP 16"]
[Site "Metz"]
[Date "2009.03.22"]
[Round "3.5"]
[White "Apicella, Manuel"]
[Black "Varga, Peter"]
[Result "1/2-1/2"]
[WhiteElo "2517"]
[BlackElo "2446"]
[PlyCount "120"]
[EventDate "1620.??.??"]
[Source "ChessBase"]
[SourceDate "2000.11.22"]

1. e4 e6 2. d4 d5 3. Nc3 dxe4 4. Nxe4 Nd7 5. Nf3 Ngf6 6. Bg5 h6 7. Nxf6+ Nxf6
8. Bh4 c5 9. Bb5+ Bd7 10. Bxd7+ Qxd7 11. Qe2 Be7 12. dxc5 O-O 13. O-O Bxc5 14.
Ne5 Qc7 15. Rfd1 Rad8 16. Bxf6 gxf6 17. Ng4 Kg7 18. Qf3 f5 19. Qc3+ Kh7 20. Ne5
Rxd1+ 21. Rxd1 Rd8 22. Rxd8 Qxd8 23. Nd3 Bd4 24. Qc4 Qd7 25. a4 Kg7 26. h3 a6
27. a5 Ba7 28. Kf1 Bd4 29. Ke2 Ba7 30. c3 Qd8 31. b4 Qd7 32. Qf4 Qc8 33. Kd2
Bb8 34. Qd4+ f6 35. Nc5 Ba7 36. Nxe6+ Qxe6 37. Qxa7 Qd5+ 38. Qd4 Qxg2 39. h4
Kg6 40. c4 Qc6 41. Qd5 Qc7 42. Kd3 Qe7 43. c5 h5 44. c6 bxc6 45. Qg2+ Kh7 46.
Qxc6 Qxb4 47. Qxa6 Qe4+ 48. Kc3 Qe1+ 49. Kb3 Qb1+ 50. Ka4 Qa2+ 51. Kb4 Qb2+ 52.
Ka4 Qa2+ 53. Kb4 Qb2+ 54. Kc5 Qxf2+ 55. Kd6 Qg3+ 56. Ke6 Qg8+ 57. Ke7 Qg7+ 58.
Ke6 Qg8+ 59. Ke7 Qg7+ 60. Ke6 Qg8+ 1/2-1/2

[Event "TOP 16"]
[Site "Metz"]
[Date "2009.03.22"]
[Round "3.6"]
[White "Reinhart, Emmanuel"]
[Black "Cossin, Sébastien"]
[Result "0-1"]
[WhiteElo "2329"]
[BlackElo "2471"]
[PlyCount "118"]
[EventDate "1620.??.??"]
[Source "ChessBase"]
[SourceDate "2000.11.22"]

1. e4 c5 2. Nf3 e6 3. d4 cxd4 4. Nxd4 a6 5. Nc3 Nc6 6. Be2 Qc7 7. O-O Nf6 8.
Be3 Bb4 9. Na4 O-O 10. Nxc6 bxc6 11. Nb6 Rb8 12. Nxc8 Qxc8 13. Ba7 Ra8 14. Bd4
Be7 15. e5 Nd5 16. c4 Nf4 17. Bf3 Qc7 18. Qd2 Ng6 19. Rad1 Rad8 20. Qe3 c5 21.
Bc3 d6 22. exd6 Bxd6 23. g3 Be5 24. Bxe5 Nxe5 25. Be2 h6 26. Rfe1 a5 27. b3 Ng6
28. Bd3 Ne7 29. Bc2 Rfe8 30. Kf1 Kf8 31. Kg1 Qb6 32. Be4 Rd6 33. Rxd6 Qxd6 34.
Qc3 Qb6 35. Rd1 Rd8 36. Rxd8+ Qxd8 37. f4 f6 38. Kf2 Nc8 39. Qe3 Qd6 40. Ke2
Ke7 41. Bc2 Qc6 42. Qe4 Qxe4+ 43. Bxe4 Nd6 44. Bc2 g5 45. a3 gxf4 46. gxf4 f5
47. Kd2 Kf6 48. Kc3 Ne4+ 49. Bxe4 fxe4 50. Kd2 e5 51. f5 e3+ 52. Kxe3 Kxf5 53.
Kf3 e4+ 54. Ke3 h5 55. Ke2 Kf4 56. h4 e3 57. b4 cxb4 58. axb4 axb4 59. c5 b3
0-1

[Event "TOP16"]
[Site "Metz"]
[Date "1610.03.22"]
[Round "3.7"]
[White "Belkhodja, Slim"]
[Black "Roos, Louis"]
[Result "0-1"]
[WhiteElo "2469"]
[BlackElo "2350"]
[PlyCount "80"]
[EventDate "2009.??.??"]
[Source "ChessBase"]
[SourceDate "1998.11.10"]

1. e4 e6 2. d3 d5 3. Qe2 Nc6 4. Nf3 dxe4 5. dxe4 e5 6. c3 Nf6 7. Qc2 a6 8. Bg5
h6 9. Bh4 Bd6 10. Nbd2 Be6 11. Bc4 Qe7 12. a4 g5 13. Bg3 O-O-O 14. b3 Nh5 15.
O-O-O f6 16. Kb2 Ba3+ 17. Ka2 Bc5 18. Bxe6+ Qxe6 19. Nc4 b5 20. Nb2 Kb7 21.
Rxd8 Rxd8 22. Rd1 Rxd1 23. Qxd1 b4 24. Nd3 Be7 25. cxb4 Nxg3 26. hxg3 Nxb4+ 27.
Nxb4 Bxb4 28. Qe2 Qb6 29. Nh2 Bc5 30. f3 Qb4 31. Nf1 Qa3+ 32. Kb1 Bd4 33. Qa2
Qb4 34. Qc2 Qe1+ 35. Qc1 Qe2 36. g4 Qxg2 37. Nd2 Be3 38. Kc2 Qe2 39. Qd1 Qf2
40. b4 Bf4 0-1

[Event "TOP 16"]
[Site "Metz"]
[Date "2009.03.22"]
[Round "3.8"]
[White "Nicoara, Malina"]
[Black "Guilleux, Fabien"]
[Result "1/2-1/2"]
[WhiteElo "2163"]
[BlackElo "2303"]
[PlyCount "75"]
[EventDate "2009.??.??"]
[Source "ChessBase"]
[SourceDate "2000.11.22"]

1. d4 Nf6 2. c4 g6 3. Nc3 d5 4. Nf3 Bg7 5. Bg5 Ne4 6. cxd5 Nxg5 7. Nxg5 e6 8.
Qd2 exd5 9. Qe3+ Kf8 10. Qf4 Bf6 11. h4 h6 12. Nf3 Kg7 13. O-O-O Be6 14. e3 Nd7
15. g4 c5 16. Bb5 cxd4 17. exd4 Nb6 18. g5 Be7 19. Qe5+ Kg8 20. gxh6 Rxh6 21.
h5 Bd6 22. Qe3 Qf6 23. Ne5 Rxh5 24. Rxh5 gxh5 25. Rg1+ Kf8 26. Rg5 h4 27. f4 h3
28. Rh5 Ke7 29. f5 h2 30. Rxh2 Qxf5 31. Rf2 Qh5 32. Nxf7 Rg8 33. Nxd6 Kxd6 34.
Qf4+ Ke7 35. Qf6+ Kd6 36. Qf4+ Ke7 37. Qf6+ Kd6 38. Qf4+ 1/2-1/2

[Event "Top 16"]
[Site "Cannes"]
[Date "22.03.22"]
[Round "3.1"]
[White "Damljanovic, Branko"]
[Black "Van Wely, Loek"]
[Result "1/2-1/2"]
[WhiteElo "2587"]
[BlackElo "2625"]
[PlyCount "97"]
[EventDate "22.??.??"]
[WhiteTeam "Antibes"]
[BlackTeam "Montpellier"]

1. c4 c6 2. e4 d5 3. exd5 cxd5 4. cxd5 Nf6 5. Nc3 Nxd5 6. Nf3 e6 7. d4 Bb4 8.
Qc2 Nc6 9. Bb5 Qa5 10. Bd2 Nxc3 11. Bxc6+ bxc6 12. bxc3 Bd6 13. O-O Qf5 14.
Qxf5 exf5 15. Rfe1+ Be6 16. c4 O-O 17. Rac1 Rab8 18. Rc2 f4 19. Ba5 c5 20. d5
Bf5 21. Rc3 Rb2 22. Ra3 Rc2 23. Bc3 f6 24. h4 h5 25. Rd1 Bg4 26. Rb1 Rb8 27.
Rxb8+ Bxb8 28. Ne1 Rc1 29. Kf1 f3 30. gxf3 Bf5 31. Ke2 g5 32. Ng2 Rc2+ 33. Ke1
Rc1+ 34. Ke2 Rc2+ 35. Ke1 Rc1+ 36. Ke2 Rg1 37. Rb3 Bd6 38. Ne3 gxh4 39. Nxf5 h3
40. Nxd6 h2 41. Rb8+ Kh7 42. Rb7+ Kg6 43. Rf7 h1=Q 44. Rxf6+ Kh7 45. Nf5 Rc1
46. Rf7+ Kg6 47. Rf6+ Kh7 48. Rf7+ Kg6 49. Rf6+ 1/2-1/2

[Event "Top 16"]
[Site "Cannes"]
[Date "22.03.22"]
[Round "3.2"]
[White "Stellwagen, Daniel"]
[Black "Khenkin, Igor"]
[Result "1-0"]
[WhiteElo "2612"]
[BlackElo "2644"]
[PlyCount "81"]
[EventDate "22.??.??"]
[WhiteTeam "Montpellier"]
[BlackTeam "Antibes"]

1. e4 e5 2. Nf3 Nc6 3. Bb5 Nf6 4. O-O Nxe4 5. d4 Nd6 6. Bxc6 dxc6 7. dxe5 Nf5
8. Qxd8+ Kxd8 9. Nc3 h6 10. h3 Bd7 11. b3 a5 12. a4 Kc8 13. Bb2 Bb4 14. Ne4 Be6
15. g4 Bd5 16. Nfd2 Bxd2 17. Nxd2 Nh4 18. Kh2 Rd8 19. Kg3 g5 20. f4 c5 21. Rf2
Ra6 22. Nc4 Ng6 23. f5 Nf4 24. Bc3 Bxc4 25. bxc4 Rc6 26. h4 Rd4 27. Bxd4 cxd4
28. hxg5 hxg5 29. Rxf4 gxf4+ 30. Kxf4 Rxc4 31. Kg5 Rxc2 32. Kf6 Re2 33. g5 c5
34. Kxf7 Rxe5 35. Rf1 Kd8 36. g6 Re7+ 37. Kf6 d3 38. g7 Re8 39. Kf7 c4 40. Rg1
Re7+ 41. Kf6 1-0

[Event "Top 16"]
[Site "Cannes"]
[Date "22.03.22"]
[Round "3.3"]
[White "Parligras, Mircea"]
[Black "Hamdouchi, Hichem"]
[Result "1/2-1/2"]
[WhiteElo "2605"]
[BlackElo "2599"]
[PlyCount "38"]
[EventDate "22.??.??"]
[WhiteTeam "Antibes"]
[BlackTeam "Montpellier"]

1. e4 d5 2. exd5 Qxd5 3. Nc3 Qa5 4. d4 Nf6 5. Nf3 Bf5 6. Bd2 c6 7. Bc4 e6 8.
Ne4 Qb6 9. Nxf6+ gxf6 10. Bb3 a5 11. a4 Na6 12. Nh4 Bg6 13. Qf3 Qxd4 14. Nxg6
hxg6 15. O-O-O Nc5 16. Bg5 Nxb3+ 17. Qxb3 Qb4 18. Qxb4 axb4 19. Bxf6 Rh5
1/2-1/2